• 首页
  • 本馆介绍
  • 公告通知
  • 最新文献
  • 馆藏检索
  • 电子资源
  • 读者导购
  • 参考咨询
  • 我的图书馆
  • 登录
  • 详细信息显示
  • 放入我的书架
  • 预约/预借图书
  • 作者相关作品
  • 分类相关作品
  • 丛书相关作品
  • 出版社相关作品

书目信息

  • 表格格式
  • 工作单格式
  • 卡片格式
题名:
古今对联丛谈
    
 
作者: 孙保龙 编
分册:  
出版信息: 南京   江苏古籍出版社  1984.3
页数: 246页
开本: 20cm
丛书名:
单 册:
中图分类: I269.7
科图分类:
主题词: 散文--中国 , 散文--作品综合集--中国
电子资源:
ISBN:
000 00586nam0 2200217 45
001 0312221749
005 20040407093028.1
010    @dCNY0.75
091    @a10354.001
100    @a20031222d1984 km y0chiy0120 ea
101    @achi
105    @a z 000yy
200 1  @a古今对联丛谈@AGu Jin Dui Lian Cong Tan@f孙保龙编@FSun Bao Long Bian
210    @a南京@c江苏古籍出版社@d1984.3
215    @a246页@d20cm
606 0  @a散文@x中国
606 0  @a散文@x作品综合集@x中国
690    @aI269.7@v3
701 0  @a孙保龙@4编
801    @aCN@bTSTCL@c20031222
905    @dI269.7@e204@f2@b111002-003
    
    古今对联丛谈/孙保龙编.-南京:江苏古籍出版社,1984.3
    246页;20cm
    
    
    ISBN :CNY0.75
    
●
相关链接 在E读中查询图书 在五车中查询图书 在当当中查询图书 在豆瓣中查询图书


正题名:古今对联丛谈     索取号:I269.7/204         预约/预借

序号 登录号 条形码 馆藏地/架位号 状态 备注
1 0111002   000020587   第二借阅区/ [索取号:I269.7/204] 在馆    
2 0111003   000020532   第二借阅区/ [索取号:I269.7/204] 在馆    
3 0111004   000020541   第一样本阅览室/ [索取号:I269.7/204] 在馆    
唐山师范学院图书馆 欢迎您!
大连网信软件有限公司© 版权所有